000 00282nam a22001217a 4500
008 180924b xxu||||| |||| 00| 0 eng d
041 _aeng
080 _a616.02
100 _a7
101 _aKAR
245 _aWorkshop In Electrocardiologygraphy
_cMarriott.H.J.L
942 _2udc
_cBK
999 _c48321
_d48321